World War II Leaders by Photo Quiz Stats

 Plays Quiz Updated Mar 26, 2016

Support Sporcle.
Go Orange.
Score 0/28 Timer 08:00
35 Plays Today
% Correct
Winston Churchill
94.7%
Adolf Hitler
90%
Joseph Stalin
87.1%
Franklin D. Roosevelt
84.4%
Mao Zedong
81.2%
Hideki Tojo
80.5%
Benito Mussolini
78.4%
Dwight D.
Eisenhower
74.7%
Hermann Göring
73.5%
Heinrich Himmler
70.5%
Erwin Rommel
68.7%
Charles de Gaulle
67.8%
Hirohito
65.3%
Douglas MacArthur
63.8%
% Correct
Bernard Montgomery
62.7%
Philippe Pétain
62.4%
Chiang Kai-shek
59.5%
Georgy Zhukov
53.5%
Miklós Horthy
53.1%
George Marshall
51.7%
Thomas Blamey
41.1%
William Lyon
Mackenzie King
40.6%
Josip Broz Tito
40.2%
Victor Emmanuel III
39.1%
Vidkun Quisling
38.6%
Harry Crerar
31.7%
Władysław Sikorski
31.3%
Carl Gustaf
Emil Mannerheim
31%

From the Vault

Picasso, Miró, or Dalí?

by slipkid

History 3m
The Spanish sure know a thing or two about painting.
Remove Ads.
Support Sporcle.
Get the best of Sporcle when you Go Orange. This ad-free experience offers more features, more stats, and more fun while also helping to support Sporcle. Thank you for becoming a member.

Show Comments

Extras

Top Quizzes Today


Score Distribution

Your Account Isn't Verified!

In order to create a playlist on Sporcle, you need to verify the email address you used during registration. Go to your Sporcle Settings to finish the process.

Report this User

Report this user for behavior that violates our Community Guidelines.

Details: